[Event "Del Santo op-A 4th"]
[Site "Padova"]
[Date "2017.02.10"]
[Round "1.6"]
[White "Zanchetta, Nicola"]
[Black "Conti, Federico"]
[Result "1-0"]
[WhiteElo "1978"]
[BlackElo "1753"]
[PlyCount "85"]
[EventDate "2017.02.10"]
[EventType "swiss"]
[EventRounds "5"]
[EventCountry "ITA"]
[SourceTitle "EXT 2024"]
[Source "ChessBase"]
[SourceDate "2023.10.10"]
[SourceVersion "1"]
[SourceVersionDate "2023.10.10"]
[SourceQuality "1"]

1. e4 d6 2. d4 Nf6 3. Nc3 g6 4. Be2 Bg7 5. h4 h5 6. f3 c6 7. Nh3 b5 8. a3 Qc7 9. Bf4 Bxh3 10. Rxh3 e5 11. Be3 Nbd7 12. Qd2 Nb6 13. b3 a6 14. dxe5 dxe5 15. 0-0-0 0-0 16. Qd6 Qb7 17. Qd2 Qc7 18. Qe1 Rfd8 19. g4 Rxd1+ 20. Bxd1 Bf8 21. Kb2 b4 22. axb4 Rb8 23. Na2 Nbd7 24. gxh5 Nxh5 25. Be2 Nf4 26. Rg3 Nxe2 27. Qxe2 Nf6 28. Qc4 Kh7 29. Bc5 Bh6 30. Rg1 Qd7 31. Nc3 Bd2 32. Ra1 Rb7 33. Rxa6 Qh3 34. Qe2 Rd7 35. Rxc6 Nh5 36. Rd6 Bxc3+ 37. Kxc3 Rc7 38. Kb2 Qxh4 39. Qd1 Qh3 40. Rd8 Nf4 41. Qd6 Ne6 42. Qxe5 Nxd8 43. Qxc7 1-0

[Event "BI-2014-P-0016"]
[Site "LSS email"]
[Date "2014.04.19"]
[Round "?"]
[White "Aberbach Peltzman, Angel Sergio"]
[Black "Conti, Federico"]
[Result "1-0"]
[WhiteElo "2080"]
[BlackElo "974"]
[PlyCount "37"]
[EventDate "2014.04.25"]
[EventType "tourn (corr)"]
[EventRounds "10"]
[EventCountry "GER"]
[SourceTitle "Corr 2015"]
[Source "ChessBase"]
[SourceDate "2015.07.17"]
[SourceVersion "1"]
[SourceVersionDate "2015.07.17"]
[SourceQuality "1"]

1. d4 Nf6 2. c4 c5 3. d5 d6 4. Nc3 g6 5. e4 Bg7 6. f4 0-0 7. Nf3 Qb6 8. Be2 Na6 9. 0-0 Bd7 10. e5 Ng4 11. h3 Nh6 12. g4 Kh8 13. a3 Rad8 14. Qe1 Ng8 15. Kg2 Qb3 16. Qh4 h6 17. Rb1 Rc8 18. Bd3 Rce8 19. Be3 1-0

[Event "BI-2014-P-0016"]
[Site "LSS email"]
[Date "2014.04.19"]
[Round "?"]
[White "Conti, Federico"]
[Black "Lelito, Jerzy"]
[Result "0-1"]
[WhiteElo "974"]
[BlackElo "2002"]
[PlyCount "34"]
[EventDate "2014.04.25"]
[EventType "tourn (corr)"]
[EventRounds "10"]
[EventCountry "GER"]
[SourceTitle "Corr 2015"]
[Source "ChessBase"]
[SourceDate "2015.07.17"]
[SourceVersion "1"]
[SourceVersionDate "2015.07.17"]
[SourceQuality "1"]

1. c4 c5 2. Nc3 Nf6 3. Nf3 b6 4. e4 d6 5. d4 cxd4 6. Nxd4 Bb7 7. Bd3 e6 8. f4 Be7 9. 0-0 0-0 10. a3 Nc6 11. Be3 Nxd4 12. Bxd4 Nd7 13. Qe2 e5 14. Be3 exf4 15. Bxf4 Ne5 16. Nd5 Bf6 17. Rad1 Bxd5 0-1

[Event "BI-2014-P-0016"]
[Site "LSS email"]
[Date "2014.04.19"]
[Round "?"]
[White "Conti, Federico"]
[Black "Novikov, Sergey Vasilievich"]
[Result "0-1"]
[WhiteElo "974"]
[BlackElo "1997"]
[PlyCount "62"]
[EventDate "2014.04.25"]
[EventType "tourn (corr)"]
[EventRounds "10"]
[EventCountry "GER"]
[SourceTitle "Corr 2015"]
[Source "ChessBase"]
[SourceDate "2015.07.17"]
[SourceVersion "1"]
[SourceVersionDate "2015.07.17"]
[SourceQuality "1"]

1. c4 e5 2. Nc3 Nf6 3. Nf3 Nc6 4. e3 Bb4 5. Qc2 d6 6. Bd3 Bxc3 7. dxc3 h6 8. e4 Nh5 9. Be3 Qf6 10. h3 Nf4 11. Bf1 Nxh3 12. c5 dxc5 13. 0-0-0 Nf4 14. Bxc5 Bg4 15. Qb3 Rb8 16. Bb5 Bxf3 17. gxf3 a6 18. Bf1 g6 19. Bc4 h5 20. Bd5 b6 21. Bxc6+ Qxc6 22. Be3 Qf6 23. Kb1 Ne6 24. f4 Nxf4 25. Qc4 Ne6 26. Qxa6 Kf8 27. Qb5 Kg7 28. Rdg1 c5 29. Rh3 Nf4 30. Rh2 Rbd8 31. a3 Rd3 0-1

[Event "SN-2014-0-00578"]
[Site "LSS email"]
[Date "2014.03.11"]
[Round "?"]
[White "Conti, Federico"]
[Black "Neil, Charles"]
[Result "1-0"]
[WhiteElo "974"]
[BlackElo "513"]
[PlyCount "33"]
[EventDate "2014.02.10"]
[EventType "tourn (corr)"]
[EventRounds "6"]
[EventCountry "GER"]
[SourceTitle "Corr 2015"]
[Source "ChessBase"]
[SourceDate "2015.07.17"]
[SourceVersion "1"]
[SourceVersionDate "2015.07.17"]
[SourceQuality "1"]

1. c4 Nf6 2. d4 e6 3. Nc3 Bb4 4. g3 Ne4 5. Bd2 Nxc3 6. Bxc3 d5 7. Bxb4 c6 8. Nf3 a5 9. Bd2 Nd7 10. Bg2 Nf6 11. 0-0 0-0 12. Qc2 Re8 13. Ne5 Nd7 14. Rfd1 Nxe5 15. dxe5 Qb6 16. Be3 Qc7 17. cxd5 1-0

[Event "OP-2014-0-03269"]
[Site "LSS email"]
[Date "2014.01.29"]
[Round "?"]
[White "Garcia, Javier"]
[Black "Conti, Federico"]
[Result "0-1"]
[WhiteElo "819"]
[BlackElo "1240"]
[PlyCount "42"]
[EventDate "2014.01.26"]
[EventType "tourn (corr)"]
[EventRounds "4"]
[EventCountry "GER"]
[SourceTitle "Corr 2022"]
[Source "ChessBase"]
[SourceDate "2021.10.24"]
[SourceVersion "1"]
[SourceVersionDate "2021.10.24"]
[SourceQuality "1"]

1. d4 g6 2. Nf3 Nf6 3. Nc3 Bg7 4. Bf4 0-0 5. e4 d5 6. e5 Ne4 7. Nxe4 dxe4 8. Nd2 Qxd4 9. c3 Qb6 10. Qc2 Bf5 11. Nxe4 Nd7 12. Bd3 Bxe5 13. Bh6 Bg7 14. Bxg7 Kxg7 15. 0-0 Ne5 16. Rad1 Rad8 17. Qe2 Bg4 18. Qe3 Qxe3 19. fxe3 Bxd1 20. Rxd1 Rxd3 21. Rxd3 Nxd3 0-1

[Event "SF-2012-0-00147"]
[Site "LSS email"]
[Date "2012.05.14"]
[Round "?"]
[White "Conti, Federico"]
[Black "De Booy, Marco"]
[Result "0-1"]
[WhiteElo "923"]
[BlackElo "1104"]
[PlyCount "24"]
[EventDate "2012.04.08"]
[EventType "tourn (corr)"]
[EventRounds "6"]
[EventCountry "GER"]
[SourceTitle "Corr 2015"]
[Source "ChessBase"]
[SourceDate "2015.07.17"]
[SourceVersion "1"]
[SourceVersionDate "2015.07.17"]
[SourceQuality "1"]

1. c4 c5 2. Nc3 Nc6 3. Nf3 g6 4. g3 Bg7 5. Bg2 Nf6 6. 0-0 0-0 7. d3 d5 8. cxd5 Nxd5 9. Bd2 Nf6 10. Na4 Qd6 11. Rc1 b6 12. d4 Bb7 0-1

[Event "BI-2012-P-00018"]
[Site "LSS email"]
[Date "2012.04.20"]
[Round "?"]
[White "Belter, Edmund"]
[Black "Conti, Federico"]
[Result "1-0"]
[WhiteElo "1105"]
[BlackElo "926"]
[PlyCount "33"]
[EventDate "2012.04.22"]
[EventType "tourn (corr)"]
[EventRounds "10"]
[EventCountry "GER"]
[SourceTitle "Corr 2015"]
[Source "ChessBase"]
[SourceDate "2015.07.17"]
[SourceVersion "1"]
[SourceVersionDate "2015.07.17"]
[SourceQuality "1"]

1. c4 c5 2. Nf3 Nf6 3. Nc3 Nc6 4. g3 g6 5. Bg2 Bg7 6. 0-0 0-0 7. d4 cxd4 8. Nxd4 Qa5 9. e3 Ne5 10. Qb3 d6 11. f4 Nd3 12. Bd2 Qh5 13. Nd5 Nxd5 14. Qxd3 Nf6 15. Bf3 Bg4 16. Bxg4 Nxg4 17. Nf3 1-0

[Event "BI-2012-P-00018"]
[Site "LSS email"]
[Date "2012.04.20"]
[Round "?"]
[White "Conti, Federico"]
[Black "Llorente Alvarez, Jose Luis"]
[Result "0-1"]
[WhiteElo "926"]
[BlackElo "2100"]
[PlyCount "46"]
[EventDate "2012.04.22"]
[EventType "tourn (corr)"]
[EventRounds "10"]
[EventCountry "GER"]
[SourceTitle "Telechess CBM 153"]
[Source "ChessBase"]
[SourceDate "2013.03.14"]
[SourceVersion "1"]
[SourceVersionDate "2013.03.14"]
[SourceQuality "1"]

1. c4 Nf6 2. Nc3 g6 3. Nf3 Bg7 4. g3 0-0 5. Bg2 d6 6. 0-0 Nc6 7. d4 e5 8. dxe5 Nxe5 9. Nxe5 dxe5 10. Bg5 Qxd1 11. Raxd1 c6 12. b3 Re8 13. Bxf6 Bxf6 14. Ne4 Be7 15. Nd6 Bxd6 16. Rxd6 a5 17. c5 Be6 18. Rb1 Red8 19. f4 exf4 20. gxf4 Rxd6 21. cxd6 f5 22. Rd1 Kf7 23. Rd3 Rd8 0-1

[Event "BI-2012-P-00018"]
[Site "LSS email"]
[Date "2012.04.20"]
[Round "?"]
[White "Dziedzina, Michael"]
[Black "Conti, Federico"]
[Result "1-0"]
[WhiteElo "2243"]
[BlackElo "926"]
[PlyCount "45"]
[EventDate "2012.04.22"]
[EventType "tourn (corr)"]
[EventRounds "10"]
[EventCountry "GER"]
[SourceTitle "Telechess CBM 153"]
[Source "ChessBase"]
[SourceDate "2013.03.14"]
[SourceVersion "1"]
[SourceVersionDate "2013.03.14"]
[SourceQuality "1"]

1. e4 d6 2. d4 Nf6 3. Nc3 g6 4. Bg5 Nbd7 5. f4 Bg7 6. Nf3 0-0 7. e5 dxe5 8. dxe5 Ng4 9. Qd2 f6 10. 0-0-0 fxg5 11. e6 gxf4 12. exd7 Ne3 13. dxc8Q Rxc8 14. Re1 Qxd2+ 15. Nxd2 Bxc3 16. bxc3 Nxf1 17. Rhxf1 Rce8 18. Re5 Rf6 19. g3 Ra6 20. Rxf4 Rxa2 21. Ne4 Ra1+ 22. Kd2 Rh1 23. Nf6+ 1-0

[Event "BI-2012-P-00018"]
[Site "LSS email"]
[Date "2012.04.20"]
[Round "?"]
[White "Liamtsau, Valery"]
[Black "Conti, Federico"]
[Result "1-0"]
[WhiteElo "2227"]
[BlackElo "926"]
[PlyCount "45"]
[EventDate "2012.04.22"]
[EventType "tourn (corr)"]
[EventRounds "10"]
[EventCountry "GER"]
[SourceTitle "Telechess CBM 153"]
[Source "ChessBase"]
[SourceDate "2013.03.14"]
[SourceVersion "1"]
[SourceVersionDate "2013.03.14"]
[SourceQuality "1"]

1. e4 d6 2. d4 Nf6 3. Nc3 g6 4. Be3 Bg7 5. Qd2 0-0 6. h3 Nbd7 7. Nf3 c6 8. a4 Qc7 9. Be2 e5 10. dxe5 Nxe5 11. 0-0-0 Nxf3 12. Bxf3 Rd8 13. Bg5 Rd7 14. Kb1 Qb6 15. Bh6 Bh8 16. h4 d5 17. e5 Ne8 18. Rde1 d4 19. Ne4 Bxe5 20. h5 d3 21. c3 Rd8 22. hxg6 hxg6 23. Rh5 1-0

[Event "OP-2012-0-02154"]
[Site "LSS email"]
[Date "2012.04.17"]
[Round "?"]
[White "Van Esbroeck, Jeff"]
[Black "Conti, Federico"]
[Result "1-0"]
[WhiteElo "842"]
[BlackElo "923"]
[PlyCount "51"]
[EventDate "2012.04.13"]
[EventType "tourn (corr)"]
[EventRounds "4"]
[EventCountry "GER"]
[SourceTitle "Telechess CBM 155"]
[Source "ChessBase"]
[SourceDate "2013.07.16"]
[SourceVersion "1"]
[SourceVersionDate "2013.07.16"]
[SourceQuality "1"]

1. e4 d6 2. d4 Nf6 3. Nc3 g6 4. Bd2 Bg7 5. Nf3 0-0 6. Be2 Nbd7 7. 0-0 c6 8. Rb1 Qc7 9. a3 b5 10. b4 Bb7 11. a4 bxa4 12. Nxa4 Nxe4 13. c4 a5 14. bxa5 Nxd2 15. Qxd2 Rxa5 16. Rxb7 Qxb7 17. Qxa5 Ra8 18. Qd2 Rxa4 19. c5 dxc5 20. Bd1 Ra8 21. Be2 cxd4 22. Nxd4 Nb6 23. Bf3 Rd8 24. Qe3 Bxd4 25. Qe4 Rd6 26. h3 1-0

[Event "ZN-2012-0-01906"]
[Site "LSS email"]
[Date "2012.04.02"]
[Round "?"]
[White "Jacquelin, Xavier"]
[Black "Conti, Federico"]
[Result "0-1"]
[WhiteElo "846"]
[BlackElo "1054"]
[PlyCount "74"]
[EventDate "2012.03.29"]
[EventType "match (corr)"]
[EventRounds "2"]
[EventCountry "GER"]
[SourceTitle "Telechess CBM 153"]
[Source "ChessBase"]
[SourceDate "2013.03.14"]
[SourceVersion "1"]
[SourceVersionDate "2013.03.14"]
[SourceQuality "1"]

1. d4 Nf6 2. c4 d6 3. Nc3 g6 4. e4 Bg7 5. Nf3 0-0 6. Be2 Nbd7 7. 0-0 c6 8. e5 Ne8 9. exd6 Nxd6 10. Bf4 Nf5 11. Qd2 e5 12. Bg5 f6 13. Be3 exd4 14. Bxd4 Ne5 15. Rad1 Nxf3+ 16. Bxf3 Qxd4 17. Qxd4 Nxd4 18. Rxd4 Be6 19. b3 Rad8 20. Rfd1 Rxd4 21. Rxd4 f5 22. Rd3 Bf6 23. Kf1 Rd8 24. Ke2 g5 25. Kd2 Rxd3+ 26. Kxd3 g4 27. Bd1 Be5 28. h3 h5 29. Ne2 Bd6 30. Nd4 Bd7 31. hxg4 fxg4 32. f3 g3 33. Ke4 h4 34. f4 Bc5 35. Bf3 h3 36. Ne2 Bf2 37. gxh3 Bxh3 0-1

[Event "OP-2012-0-02107"]
[Site "LSS email"]
[Date "2012.03.14"]
[Round "?"]
[White "Conti, Federico"]
[Black "Vontina, Maria"]
[Result "1-0"]
[WhiteElo "1054"]
[BlackElo "711"]
[PlyCount "33"]
[EventDate "2012.03.11"]
[EventType "tourn (corr)"]
[EventRounds "4"]
[EventCountry "GER"]
[SourceTitle "Corr 2015"]
[Source "ChessBase"]
[SourceDate "2015.07.17"]
[SourceVersion "1"]
[SourceVersionDate "2015.07.17"]
[SourceQuality "1"]

1. e4 c5 2. Nf3 d6 3. d4 cxd4 4. Bb5+ Nd7 5. Qxd4 Ngf6 6. 0-0 g6 7. e5 dxe5 8. Nxe5 a6 9. Bxd7+ Bxd7 10. Nc3 Be6 11. Qa4+ b5 12. Qh4 Bg7 13. Bh6 Bxh6 14. Qxh6 Qc7 15. Rfe1 Rd8 16. a3 Rd2 17. Qxd2 1-0